Stati per punto meno elevato - Statistics

Statistiche generali
  • Questo quiz è stato fatto 10 volte
  • Il punteggio medio è 8 su 15
Statistiche sulle risposte
Punto meno elevato Altitudine (m) Continente Nazione % Corretto
Mar Morto - 428 Asia Giordania
100%
Mar Morto - 428 Asia Israele
100%
Le rive nord-orientali del Mar di Galilea nelle Alture del Golan - 214 Asia Siria
100%
Bacino di Badwater - 85,5 America del Nord Stati Uniti
78%
Lago Kulul - 75 Africa Eritrea
56%
Depressione di Danakil - 125 Africa Etiopia
56%
Depressione di Karagiye - 132 Asia / Europa Kazakistan
56%
Sabkhat Ghuzayyil - 47 Africa Libia
56%
Laguna del Carbón - 105 America del Sud Argentina
44%
Depressione di Qattara - 133 Africa Egitto
44%
Lago Assal - 155 Africa Gibuti
33%
Sebkha Tah - 55 Africa Marocco
33%
Lago Enriquillo - 45 America del Nord Repubblica Dominicana
33%
Depressione di Akjagaýa - 81 Asia Turkmenistan
33%
Lago Ayding - 154 Asia Cina
22%
Nessun quiz corrispondente trovato
Distribuzione punteggi
Percentuale di utenti per punteggio
Percentile per numero di risposta
I tuoi punteggi nel tempo
Non hai fatto questo quiz